U.S. Geography - Tile Select #3 - Statistics

General Stats
  • This quiz has been taken 18 times
  • The average score is 45 of 62
Answer Stats
Question Tile Select % Correct
State capitals AND biggest cities in their state Atlanta Yes
100%
State capitals AND biggest cities in their state Austin No
93%
State capitals AND biggest cities in their state Boston Yes
93%
National Parks north of the Mason-Dixon Line Everglades No
93%
Cities in California or Texas Fort Smith No
93%
State capitals AND biggest cities in their state Honolulu Yes
93%
Cities in California or Texas Houston Yes
93%
Cities in California or Texas Las Vegas No
93%
Cities in California or Texas Mesa No
93%
Rivers east of the Mississippi Ohio Yes
93%
Rivers east of the Mississippi Platte No
93%
Rivers east of the Mississippi Red No
93%
Cities in California or Texas Reno No
93%
Cities in California or Texas Rochester No
93%
State capitals AND biggest cities in their state Charleston, SC No
87%
Rivers east of the Mississippi Connecticut Yes
87%
Cities in California or Texas El Paso Yes
87%
Cities in California or Texas Fort Worth Yes
87%
State capitals AND biggest cities in their state Miami No
87%
State capitals AND biggest cities in their state Philadelphia No
87%
Rivers east of the Mississippi Potomac Yes
87%
Rivers east of the Mississippi Rio Grande No
87%
State capitals AND biggest cities in their state Sacramento No
87%
Cities in California or Texas Tucson No
87%
Rivers east of the Mississippi Allegheny Yes
80%
Cities in California or Texas Bakersfield Yes
80%
State capitals AND biggest cities in their state Boise Yes
80%
National Parks north of the Mason-Dixon Line Grand Canyon No
80%
State capitals AND biggest cities in their state Hartford No
80%
State capitals AND biggest cities in their state Las Vegas No
80%
State capitals AND biggest cities in their state Nashville Yes
80%
Cities in California or Texas Oakland Yes
80%
Cities in California or Texas San Diego Yes
80%
National Parks north of the Mason-Dixon Line Theodore Roosevelt Yes
80%
Cities in California or Texas Tulsa No
80%
National Parks north of the Mason-Dixon Line Glacier Yes
73%
National Parks north of the Mason-Dixon Line Hot Springs No
73%
State capitals AND biggest cities in their state Indianapolis Yes
73%
State capitals AND biggest cities in their state Little Rock Yes
73%
Cities in California or Texas Lubbock Yes
73%
Rivers east of the Mississippi Missouri No
73%
National Parks north of the Mason-Dixon Line Acadia Yes
67%
Rivers east of the Mississippi Arkansas No
67%
National Parks north of the Mason-Dixon Line Crater Lake Yes
67%
State capitals AND biggest cities in their state Raleigh No
67%
National Parks north of the Mason-Dixon Line Shenandoah No
67%
National Parks north of the Mason-Dixon Line Smoky Mountains No
67%
State capitals AND biggest cities in their state Charleston, WV Yes
60%
Cities in California or Texas Stockton Yes
60%
Flags of states in the Appalachian Mountains. No
53%
Flags of states in the Appalachian Mountains. No
53%
Flags of states in the Appalachian Mountains. No
53%
Flags of states in the Appalachian Mountains. Yes
47%
Cities in California or Texas Santa Ana Yes
47%
Flags of states in the Appalachian Mountains. Yes
40%
Flags of states in the Appalachian Mountains. No
33%
Flags of states in the Appalachian Mountains. No
33%
Flags of states in the Appalachian Mountains. Yes
27%
Flags of states in the Appalachian Mountains. Yes
27%
Flags of states in the Appalachian Mountains. Yes
20%
Flags of states in the Appalachian Mountains. Yes
20%
Flags of states in the Appalachian Mountains. Yes
0%
No matching quizzes found
Score Distribution
Percent of People with Each Score
Percentile by Number Answered
Your Score History
You have not taken this quiz